000 00368nam a2200145Ia 4500
008 191206s9999 xx 000 0 und d
020 _a679745203
090 _aRZA3957.M
245 0 _aEnglish patient: a novel
250 _a1st Vintage International ed.
260 _aVintage Books
260 _cc1993
300 _a305 p. ; 21 cm.
999 _c15914
_d15914